000 01389nam a22003857a 4500
003 OSt
005 20230706084715.0
008 170318s2016 gt||||| |||| 00| 0 spa d
040 _cLado V
082 0 4 _a306.4
_bR741c
100 _aRojas Mix, Miguel
_9863
_edirector
245 1 0 _aCon eÑe/
_bRevista de Cultura Hispanoamericana/
260 _bCEXECI
_c1997
300 _a50p.
_c21x29cm
490 _a0
_v1997
505 _aPresentación
505 _aArte latinoamericano o arte en America Latina
505 _aArte latinoamericano en el MEIAC de Badajoz
505 _aNota o incitación para conocer el mapa
505 _aVentana Abierta sobre Iberoamérica
505 _aMesótica II / Centroamerica
505 _aEntrevista en Julio Le Parc
505 _aAproximaciones a una diversidad
505 _aArte Cubano actual
505 _aChile: Artistas de los años 80/90
505 _aEl arte en Colombia hoy
650 _2Tesauro de Arte & Arquitectura
_aPOLITICA
650 _2Tesauro de Arte & Arquitectura
_aCULTURA
650 _2Tesauro de Arte & Arquitectura
_aLITERATURA
650 _2Tesauro de Arte & Arquitectura
_aFILOSOFIA
650 _2Tesauro de Arte & Arquitectura
_aCRITICA
651 _2Tesauro de Arte & Arquitectura
_aHISPANOAMERICA
700 1 _aSvankmajer.
_eilustrador.
_95749
942 _2ddc
_c1
_h306.4
_iR741c
_n0
999 _c3978
_d3978